000 00554nac a22001691u 4500
082 _a610
090 _c3347
_d3347
100 _a20080729
245 _aImmunology And Igiv Therapy /
_bSandogolobulin.
260 _aBasle ,Switzerland:
_bSndoz,
_c[19--]
300 _a44p.:
_bill;
_c30cm.
500 _aDonations.
500 _aDonations - Bibliotheca Alexandrina.
650 _aMedicine.
942 _cBB
_k610
999 _c3347
_d3347